000 00610nam a22002177a 4500
003 OSt
005 20170316194356.0
008 130920t xxu||||| |||| 00| 0 eng d
020 _a9812552528
050 _aTR 428
_bLe51 2007
082 _aGS 428
_bT15-wb4 2007
100 _aLee, J.
_921427
245 _aLearning English :
_bworkbook 4 /
_cJ. Lee.
260 _aSingapore :
_bSingapore Asian Publications,
_c2007.
300 _a185 p. ;
_c27 cm.
650 _aEnglish language
_xStudy and teaching
_921054
650 _aGrammar
_91590
650 _aVocabulary
_92460
942 _2ddc
_cBK
999 _c11758
_d11758